| 000 | 00511 a2200169 4500 | ||
|---|---|---|---|
| 003 | OSt | ||
| 005 | 20240123152531.0 | ||
| 008 | 240123b |||||||| |||| 00| 0 eng d | ||
| 040 | _coclc | ||
| 082 |
_a920 _bUJA/S |
||
| 100 |
_aUjampady, Musthafa _910301 |
||
| 245 |
_aSayyid Fadl: _bOru Agola Musliminte Sanjarapadhangal / _cMusthafa Ujampady |
||
| 250 | _a1st ed. | ||
| 260 |
_aMalappuram: _bBook Plus Publishers, _c2023. |
||
| 300 | _a264p. | ||
| 942 |
_2ddc _cBK _h920 _iUJA/S _k920 _mUJA/S |
||
| 999 |
_c43295 _d43295 |
||